[Event "Fried Liver Attack"]
[Site "SchemingMind.com"]
[Date "2010.04.25"]
[Round "-"]
[White "Queeny"]
[Black "Heidi"]
[Result "1-0"]
[WhiteCountry "ENG"]
[BlackCountry "USA"]
[WhiteElo "1625"]
[WhiteRD "65"]
[BlackElo "1114"]
[BlackRD "69"]
[GameID "246086"]

1. e4 e5 2. Nf3 Nc6 3. Bc4 Nf6 4. Ng5 d5 5. exd5 Nxd5 6. Nxf7 Kxf7 7. Qf3+ Ke7 8. d3 Be6 9. Bg5+ Nf6 10. Bb5 Bd7
11. O-O h6 12. Bd2 Qe8 13. Qg3 Bg4 14. Bxc6 Qxc6 15. Qxe5+ Kf7 16. Nc3 Bd6 17. Qd4 Qe8 18. Rae1 Be7 19. Nd5 Nxd5 20. Qxg4 Rf8
21. Qf5+ Bf6 22. Rxe8 Rfxe8 23. Qxd5+ Kg6 24. Qxb7 Bxb2 25. Qxb2 Re2 26. Ba5 Rae8 27. f4 Kf5 28. Qb5+ Kg4 29. Rf2 Re1+ 30. Bxe1 Rxe1+
31. Rf1 Re2 32. f5 Rxc2 33. Qa4+
1-0

[Event "Fried Liver Attack"]
[Site "SchemingMind.com"]
[Date "2010.04.21"]
[Round "-"]
[White "Queeny"]
[Black "MOIMOI"]
[Result "1-0"]
[WhiteCountry "ENG"]
[BlackCountry "POL"]
[WhiteElo "1624"]
[WhiteRD "66"]
[BlackElo "1591"]
[BlackRD "53"]
[GameID "246087"]

1. e4 e5 2. Nf3 Nc6 3. Bc4 Nf6 4. Ng5 d5 5. exd5 Nxd5 6. Nxf7 Kxf7 7. Qf3+ Ke6 8. Nc3 Ne7 9. O-O c6 10. Re1 Qc7
11. d4 Kd7 12. dxe5 h6 13. Bf4 Ke6 14. Qg4+ Nf5 15. Bxd5+ cxd5 16. Qg6+ Kd7 17. e6+ Kd8 18. Bxc7+ Kxc7 19. Nxd5+ Kc6 20. Qxf5 Bd6
21. Qd3 b6 22. Qe4 Kb5 23. Nc3+ Ka6 24. Qxa8
1-0

[Event "Fried Liver Attack"]
[Site "SchemingMind.com"]
[Date "2010.04.24"]
[Round "-"]
[White "jtrochez1"]
[Black "Queeny"]
[Result "1-0"]
[WhiteCountry "HON"]
[BlackCountry "ENG"]
[WhiteElo "1603"]
[WhiteRD "47"]
[BlackElo "1625"]
[BlackRD "65"]
[GameID "246088"]

1. e4 e5 2. Nf3 Nc6 3. Bc4 Nf6 4. Ng5 d5 5. exd5 Nxd5 6. Nxf7 Kxf7 7. Qf3+ Ke6 8. c3 Ne7 9. O-O g6 10. d4 Bg7
11. Bg5 Rf8 12. Qe2 Rf5 13. Bxe7 Qxe7 14. Nd2 c6 15. Rae1 Kd6 16. Bxd5 cxd5 17. Qb5 Qg5 18. c4 exd4 19. c5+ Kc7 20. Qa5+ Kc6
21. b4 Qxd2 22. b5+ Kxc5 23. Qxd2 Bd7 24. a4 b6 25. Rc1+ Kd6 26. Qb4+ Ke6 27. Rfe1+ Re5 28. Rxe5+ Bxe5 29. g3 a6 30. Re1 Kf6
31. f4
1-0

[Event "Fried Liver Attack"]
[Site "SchemingMind.com"]
[Date "2010.04.20"]
[Round "-"]
[White "XTC"]
[Black "Queeny"]
[Result "1-0"]
[WhiteCountry "COL"]
[BlackCountry "ENG"]
[WhiteElo "1842"]
[WhiteRD "61"]
[BlackElo "1624"]
[BlackRD "66"]
[GameID "246089"]

1. e4 e5 2. Nf3 Nc6 3. Bc4 Nf6 4. Ng5 d5 5. exd5 Nxd5 6. Nxf7 Kxf7 7. Qf3+ Ke6 8. Nc3 Nb4 9. Qe4 b6 10. a3 Bb7
11. axb4 Bxb4 12. Bxd5+ Bxd5 13. Qxb4 Bxg2 14. Qg4+ Kd6 15. Qxg2 Qf6 16. Ne4+
1-0

[Event "Fried Liver Attack"]
[Site "SchemingMind.com"]
[Date "2010.04.25"]
[Round "-"]
[White "lemmie"]
[Black "Queeny"]
[Result "0-1"]
[WhiteCountry "NED"]
[BlackCountry "ENG"]
[WhiteElo "1619"]
[WhiteRD "54"]
[BlackElo "1643"]
[BlackRD "64"]
[GameID "246090"]

1. e4 e5 2. Nf3 Nc6 3. Bc4 Nf6 4. Ng5 d5 5. exd5 Nxd5 6. Nxf7 Kxf7 7. Qf3+ Ke6 8. Nc3 Ne7 9. Qe4 c6 10. d4 Qd6
11. Bf4 Ng6 12. Bg3 Be7 13. f4 Bh4 14. f5+ Kd7 15. Bxh4 exd4 16. Nxd5 Re8 17. Ne7 Nxh4 18. Qxh4 Qb4+ 19. Kd1 Qxc4 20. Re1 Qb4
21. b3 Rxe7 22. Rxe7+ Qxe7 23. Qxh7 Kc7 24. Kd2 Qg5+ 25. Ke2 Bxf5
0-1

[Event "Fried Liver Attack"]
[Site "SchemingMind.com"]
[Date "2010.04.23"]
[Round "-"]
[White "nammy"]
[Black "Queeny"]
[Result "0-1"]
[WhiteCountry "ENG"]
[BlackCountry "ENG"]
[WhiteElo "878"]
[WhiteRD "52"]
[BlackElo "1624"]
[BlackRD "66"]
[GameID "246091"]

1. e4 e5 2. Nf3 Nc6 3. Bc4 Nf6 4. Ng5 d5 5. exd5 Nxd5 6. Nxf7 Kxf7 7. d3 Ke8 8. d4 Nxd4 9. O-O Nb4 10. Re1 Bd6
11. Re3 Ndxc2 12. a3 Nxe3 13. fxe3 Nc6 14. Qf1 Rf8 15. Qe1 Qf6 16. Qd1 Qf2+ 17. Kh1 Bg4 18. Be2 Bxe2 19. Qd2 Qf1#
0-1

[Event "Fried Liver Attack"]
[Site "SchemingMind.com"]
[Date "2010.04.25"]
[Round "-"]
[White "Heidi"]
[Black "Queeny"]
[Result "0-1"]
[WhiteCountry "USA"]
[BlackCountry "ENG"]
[WhiteElo "1114"]
[WhiteRD "69"]
[BlackElo "1625"]
[BlackRD "65"]
[GameID "246092"]

1. e4 e5 2. Nf3 Nc6 3. Bc4 Nf6 4. Ng5 d5 5. exd5 Nxd5 6. Nxf7 Kxf7 7. Qh5+ Ke6 8. O-O Nb4 9. d3 Be7 10. Bb3 Kd6
11. Ba4 Bd7 12. Bb3 c6 13. Nd2 Bf6 14. c3 Nxd3 15. Nc4+ Kc7 16. Bg5 Bxg5 17. Nxe5 Nxe5 18. c4 Nf4 19. Qd1 h5 20. Re1 Ned3
21. Re4 Nc5 22. Bc2 Nxe4 23. Bxe4 Qe7 24. h3 Qxe4 25. c5 Qxg2#
0-1

[Event "Fried Liver Attack"]
[Site "SchemingMind.com"]
[Date "2010.04.21"]
[Round "-"]
[White "MOIMOI"]
[Black "Queeny"]
[Result "1-0"]
[WhiteCountry "POL"]
[BlackCountry "ENG"]
[WhiteElo "1563"]
[WhiteRD "51"]
[BlackElo "1643"]
[BlackRD "64"]
[GameID "246093"]

1. e4 e5 2. Nf3 Nc6 3. Bc4 Nf6 4. Ng5 d5 5. exd5 Nxd5 6. Nxf7 Kxf7 7. Qf3+ Ke6 8. Nc3 Nb4 9. O-O c6 10. Qe4 b5
11. Bb3 Bb7 12. Qg4+ Kd6 13. a3 Na6 14. d4 Bc8 15. dxe5+ Kc7 16. Qg3 Be6 17. Bxd5 cxd5 18. Nxb5+ Kb7 19. Nd4 Nc5 20. b4 Nd7
21. Nxe6 Qe7 22. Nxf8 Raxf8 23. Qd3 Qxe5 24. Qb5+ Nb6 25. Be3 h5 26. a4 Qe8 27. Qc5 Qc6 28. Qxc6+ Kxc6 29. Rfd1 Re8 30. b5+ Kb7
31. Bxb6 axb6 32. Rxd5 Re7 33. Rad1 Kc7 34. c4 Rhe8 35. h3 Re1+ 36. Kh2 Rxd1 37. Rxd1 Re4 38. Rc1 g5 39. c5 Rxa4 40. cxb6+ Kxb6
41. Rb1 Ra2 42. f3 Ra4 43. Re1 Ka5 44. Re5 g4 45. Re4 gxf3 46. Rxa4+ Kxa4 47. gxf3 Kxb5 48. Kg3 Kc5 49. Kh4
1-0

[Event "Fried Liver Attack"]
[Site "SchemingMind.com"]
[Date "2010.04.23"]
[Round "-"]
[White "Negrito19"]
[Black "jtrochez1"]
[Result "1-0"]
[WhiteCountry "ARG"]
[BlackCountry "HON"]
[WhiteElo "1510"]
[WhiteRD "81"]
[BlackElo "1578"]
[BlackRD "52"]
[GameID "246125"]

1. e4 e5 2. Nf3 Nc6 3. Bc4 Nf6 4. Ng5 d5 5. exd5 Nxd5 6. Nxf7 Kxf7 7. Qf3+ Qf6 8. Bxd5+ Ke7 9. Bxc6 Qxf3 10. Bxf3 c6
11. Nc3 Be6 12. d3 g6 13. Bg5+ Kd7 14. O-O-O Bg7 15. Ne4 h6 16. Bh4 g5 17. Bg3 g4 18. Be2 b6 19. h3 gxh3 20. gxh3 a5
21. f4 exf4 22. Bxf4 h5 23. Rhg1 Bf8 24. Be5 Rh7 25. Nf6+ Kd8 26. Nxh7 Bh6+ 27. Kb1 Be3 28. Rg8+ Bxg8 29. Nf6 Bf7 30. Rf1 Ke7
31. Bxh5 Bxh5 32. Nxh5 Ke6 33. Bc3 c5 34. Rf6+ Kd5 35. Rxb6 c4 36. Rb5+ Kc6 37. Re5 Bc5 38. d4 Bb4 39. Bxb4 axb4 40. Rc5+ Kb6
41. Rxc4 Kb5 42. Rc5+ Kb6 43. Nf4 Rf8 44. Nd5+ Ka6 45. b3
1-0

[Event "Fried Liver Attack"]
[Site "SchemingMind.com"]
[Date "2010.04.20"]
[Round "-"]
[White "Negrito19"]
[Black "XTC"]
[Result "1-0"]
[WhiteCountry "ARG"]
[BlackCountry "COL"]
[WhiteElo "1595"]
[WhiteRD "81"]
[BlackElo "1842"]
[BlackRD "61"]
[GameID "246126"]

1. e4 e5 2. Nf3 Nc6 3. Bc4 Nf6 4. Ng5 d5 5. exd5 Nxd5 6. Nxf7 Kxf7 7. Qf3+ Ke6 8. Nc3 Nb4 9. Bb3 c6 10. a3 Na6
11. d3 Nc5 12. Ba2 Be7 13. Be3 Qf8 14. Qg3 b6 15. Nxd5 cxd5 16. d4 exd4 17. Bxd4 Bf6 18. Qe3+ Kd6 19. O-O-O h6 20. Bxf6
1-0

[Event "Fried Liver Attack"]
[Site "SchemingMind.com"]
[Date "2010.04.21"]
[Round "-"]
[White "Negrito19"]
[Black "Queeny"]
[Result "0-1"]
[WhiteCountry "ARG"]
[BlackCountry "ENG"]
[WhiteElo "1526"]
[WhiteRD "72"]
[BlackElo "1643"]
[BlackRD "64"]
[GameID "246127"]

1. e4 e5 2. Nf3 Nc6 3. Bc4 Nf6 4. Ng5 d5 5. exd5 Nxd5 6. Nxf7 Kxf7 7. Qf3+ Ke6 8. a3 Ne7 9. Nc3 c6 10. O-O Kd6
11. Ne4+ Kc7 12. Re1 g6 13. Nf6 Bg7 14. Nxd5+ Nxd5 15. Qg3 Re8 16. d3 Nb6 17. Bf7 Rf8 18. Bb3 Qd6 19. c3 Be6 20. Bxe6 Qxe6
21. d4 Nd7 22. f4 Bh6 23. dxe5 Rf5 24. h4 Raf8 25. Re4 Nc5 26. Rd4 Nb3 27. Rd6 Qc4 28. Rb1 Nxc1 29. Rd4 Ne2+ 30. Kh2 Qxd4
31. cxd4 Bxf4 32. Qxf4 Rxf4 33. g3 Rf1 34. Rxf1 Rxf1 35. Kh3 Nxd4 36. Kg4 Kd7 37. h5 Ke6 38. hxg6 hxg6 39. Kg5 Rg1 40. g4 Kxe5
41. Kxg6 Rxg4+ 42. Kh5 Rg2 43. Kh4 Rxb2 44. Kg3 Rb3+ 45. Kf2 Rxa3 46. Ke1 Rc3 47. Kd2 Rc2+ 48. Kd3 a5 49. Ke3 a4
0-1

[Event "Fried Liver Attack"]
[Site "SchemingMind.com"]
[Date "2010.04.25"]
[Round "-"]
[White "Negrito19"]
[Black "lemmie"]
[Result "0-1"]
[WhiteCountry "ARG"]
[BlackCountry "NED"]
[WhiteElo "1526"]
[WhiteRD "72"]
[BlackElo "1619"]
[BlackRD "54"]
[GameID "246128"]

1. e4 e5 2. Nf3 Nc6 3. Bc4 Nf6 4. Ng5 d5 5. exd5 Nxd5 6. Nxf7 Kxf7 7. Qf3+ Ke6 8. Nc3 Ne7 9. b3 c6 10. Qe4 b5
11. Be2 Nxc3 12. dxc3 Nd5 13. c4 bxc4 14. Bxc4 Bb4+ 15. c3 Bxc3+ 16. Kf1 Bxa1 17. Qg4+ Kf7 18. Qf3+ Qf6 19. Qh5+ g6 20. Qe2 Bd4
21. f3 a5 22. h4 Re8 23. Bg5 Qf5 24. Bd3 e4 25. Bc2 Ba6 26. Qxa6 Rxa6 27. Ke1 exf3+ 28. Kd1 Nc3+ 29. Kc1 Ne2+ 30. Kb1 Qc5
31. gxf3 Qa3 32. Bc1 Nxc1 33. Bxg6+ hxg6 34. Kc2 Qb2+ 35. Kd1 Qe2+ 36. Kxc1 Qb2+ 37. Kd1 Re2 38. Rh2 Qd2#
0-1

[Event "Fried Liver Attack"]
[Site "SchemingMind.com"]
[Date "2010.04.22"]
[Round "-"]
[White "Negrito19"]
[Black "nammy"]
[Result "1-0"]
[WhiteCountry "ARG"]
[BlackCountry "ENG"]
[WhiteElo "1526"]
[WhiteRD "72"]
[BlackElo "839"]
[BlackRD "52"]
[GameID "246129"]

1. e4 e5 2. Nf3 Nc6 3. Bc4 Nf6 4. Ng5 d5 5. exd5 Nxd5 6. Nxf7 Kxf7 7. Qf3+ Ke7 8. Bxd5 Nd4 9. Qf7+ Kd6 10. Bb3 h5
11. Qd5+ Ke7 12. Qxe5+ Ne6 13. d4 Kf7 14. Bg5 Qe8 15. Nd2 Bd6 16. Qf5+ Kg8 17. Ne4 g6 18. Nf6+ Kf7 19. Nxe8+ Kxe8 20. Qxg6+ Kd7
21. Qxe6+ Kc6 22. Ba4+ Kb6 23. Qb3+ Ka5 24. Qb5#
1-0

[Event "Fried Liver Attack"]
[Site "SchemingMind.com"]
[Date "2010.04.25"]
[Round "-"]
[White "Negrito19"]
[Black "Heidi"]
[Result "1-0"]
[WhiteCountry "ARG"]
[BlackCountry "USA"]
[WhiteElo "1526"]
[WhiteRD "77"]
[BlackElo "1114"]
[BlackRD "69"]
[GameID "246130"]

1. e4 e5 2. Nf3 Nc6 3. Bc4 Nf6 4. Ng5 d5 5. exd5 Nxd5 6. Nxf7 Kxf7 7. Qf3+ Ke7 8. c3 Be6 9. d3 Ke8 10. Nd2 Bc5
11. b4 Bb6 12. a4 a5 13. Ba3 Qd6 14. bxa5 Bxa5 15. Bxd6 Rd8 16. Bxc7 Nxc7 17. Bb5 Rd6 18. Qh5+ Bf7 19. Bxc6+ Kf8 20. Qxe5 Re6
21. Qxe6 Bxe6 22. Bxb7 Bxc3 23. Rc1 Bxd2+ 24. Kxd2 Bd5 25. Bxd5 Nxd5 26. Rc8+
1-0

[Event "Fried Liver Attack"]
[Site "SchemingMind.com"]
[Date "2010.04.21"]
[Round "-"]
[White "Negrito19"]
[Black "MOIMOI"]
[Result "1-0"]
[WhiteCountry "ARG"]
[BlackCountry "POL"]
[WhiteElo "1526"]
[WhiteRD "72"]
[BlackElo "1563"]
[BlackRD "51"]
[GameID "246131"]

1. e4 e5 2. Nf3 Nc6 3. Bc4 Nf6 4. Ng5 d5 5. exd5 Nxd5 6. Nxf7 Kxf7 7. Qf3+ Ke6 8. a3 Nd4 9. Qd3 c6 10. c3 Nf5
11. Qe4 Bd6 12. d4 Qh4 13. Qxh4 Nxh4 14. O-O Rf8 15. Nd2 Ke7 16. g3 Nf3+ 17. Nxf3 Rxf3 18. Be2 Rf7 19. Re1 h6 20. Bh5 Rf6
21. dxe5 Re6 22. exd6+ Kxd6 23. Rd1 b5 24. Bf7 Re7 25. Bxd5 cxd5 26. a4 Bd7 27. axb5 Bxb5 28. Ra5 a6 29. b3 Rae8 30. Ba3+ Kc6
31. Bxe7 Rxe7 32. c4 dxc4 33. bxc4 Bxc4 34. Rc1 Re4 35. Rxa6+ Kb5 36. Ra7 Bd5 37. Rb1+ Kc6 38. Rc1+ Kd6 39. Rxg7 h5 40. Rg6+ Ke5
41. Rg5+ Kd4 42. Rd1+ Kc3 43. Rgxd5 h4 44. R5d3+ Kc2 45. Kg2 hxg3 46. Kxg3 Re8 47. f4
1-0

[Event "Fried Liver Attack"]
[Site "SchemingMind.com"]
[Date "2010.04.25"]
[Round "-"]
[White "jtrochez1"]
[Black "Negrito19"]
[Result "1-0"]
[WhiteCountry "HON"]
[BlackCountry "ARG"]
[WhiteElo "1611"]
[WhiteRD "51"]
[BlackElo "1506"]
[BlackRD "81"]
[GameID "246132"]

1. e4 e5 2. Nf3 Nc6 3. Bc4 Nf6 4. Ng5 d5 5. exd5 Nxd5 6. Nxf7 Kxf7 7. Qf3+ Ke6 8. c3 Na5 9. Bxd5+ Qxd5 10. Qxd5+ Kxd5
11. d3 Bf5 12. O-O Bxd3 13. Rd1 e4 14. b4 Nc4 15. a4 Ke6 16. Nd2 Ne5 17. f4 Nc6 18. Nb3 b6 19. Be3 Rd8 20. Nc1 g6
21. Nb3 Bg7 22. Rac1 h6 23. b5 Ne7 24. Bd4 Rhg8 25. Bxg7 Rxg7 26. Nd4+ Kf7 27. Ne2 Nd5 28. Re1 g5 29. fxg5 Rxg5 30. Nd4 Nf4
31. g3 h5 32. Kh1
1-0

[Event "Fried Liver Attack"]
[Site "SchemingMind.com"]
[Date "2010.04.21"]
[Round "-"]
[White "XTC"]
[Black "Negrito19"]
[Result "1-0"]
[WhiteCountry "COL"]
[BlackCountry "ARG"]
[WhiteElo "1896"]
[WhiteRD "58"]
[BlackElo "1526"]
[BlackRD "72"]
[GameID "246133"]

1. e4 e5 2. Nf3 Nc6 3. Bc4 Nf6 4. Ng5 d5 5. exd5 Nxd5 6. Nxf7 Kxf7 7. Qf3+ Ke8 8. Bxd5 Qf6 9. Qxf6 gxf6 10. Bxc6+ bxc6
11. d3 Ba6 12. Nc3 Bb4 13. Bd2 Rb8 14. O-O-O Rd8 15. a3 Ba5 16. Ne4 Bxd2+ 17. Rxd2 Kf7 18. Nc5 Bc8 19. f3 Rd5 20. b4 Rg8
21. Rf1 Bf5 22. g4 Bg6 23. f4 exf4 24. Rxf4 h5 25. Rdf2 hxg4 26. Rxf6+ Ke7 27. Rxc6 Kd8 28. Ra6 Rd6 29. Nb7+ Kd7 30. Nxd6 cxd6
31. Rxa7+ Kc6 32. Rf6 Kb6 33. Rd7 Be8 34. Rdxd6+ Kc7 35. Ra6 Kb7 36. d4 Rh8 37. Rfb6+ Kc7 38. d5 Rxh2 39. d6+ Kc8 40. Ra8+ Kd7
41. Ra7+ Ke6 42. d7+ Ke7 43. dxe8=Q+ Kxe8 44. Rb8#
1-0

[Event "Fried Liver Attack"]
[Site "SchemingMind.com"]
[Date "2010.04.21"]
[Round "-"]
[White "Queeny"]
[Black "Negrito19"]
[Result "0-1"]
[WhiteCountry "ENG"]
[BlackCountry "ARG"]
[WhiteElo "1624"]
[WhiteRD "66"]
[BlackElo "1595"]
[BlackRD "81"]
[GameID "246134"]

1. e4 e5 2. Nf3 Nc6 3. Bc4 Nf6 4. Ng5 d5 5. exd5 Nxd5 6. Nxf7 Kxf7 7. Qf3+ Qf6 8. Bxd5+ Ke7 9. Qxf6+ gxf6 10. Bxc6 bxc6
11. O-O Ba6 12. d3 Rb8 13. b3 c5 14. Be3 Ke6 15. Nd2 h5 16. c4 Rd8 17. Ne4 Bb7 18. Nxc5+ Bxc5 19. Bxc5 Rxd3 20. Bxa7 Rg8
21. g3 h4 22. Be3 hxg3 23. Rad1 gxf2+ 24. Kxf2 Rg2+ 25. Ke1 Rxe3#
0-1

[Event "Fried Liver Attack"]
[Site "SchemingMind.com"]
[Date "2010.04.25"]
[Round "-"]
[White "lemmie"]
[Black "Negrito19"]
[Result "1-0"]
[WhiteCountry "NED"]
[BlackCountry "ARG"]
[WhiteElo "1619"]
[WhiteRD "54"]
[BlackElo "1526"]
[BlackRD "72"]
[GameID "246135"]

1. e4 e5 2. Nf3 Nc6 3. Bc4 Nf6 4. Ng5 d5 5. exd5 Nxd5 6. Nxf7 Kxf7 7. Qf3+ Ke6 8. Nc3 Nb4 9. Qe4 c6 10. a3 b5
11. Bb3 Na6 12. d4 Qd6 13. Bf4 b4 14. Nxd5 cxd5 15. Bxe5 Qd7 16. Bxg7+ Kd6 17. Qxd5+ Kc7 18. Bxh8 Bb7 19. Qxd7+ Kxd7 20. O-O bxa3
21. bxa3 Bd6 22. Be5 Be7 23. a4 Rf8 24. Rad1 Nb4 25. h3 Nc6 26. Rfe1 Bb4 27. Re3 h5 28. Bg3 Rf6 29. Be5 Rg6 30. Rg3 Rh6
31. Rg7+ Kc8 32. Rc7+ Kb8 33. Rh7+ Nxe5 34. Rxh6 Bf8 35. Rh8 Nd7 36. Be6 Kc8 37. Bxd7+ Kxd7 38. Rxf8 Kc6 39. c4 Ba6 40. Rf6+ Kb7
41. Rb1+ Kc7 42. Rxa6 h4 43. Rxa7+ Kc6 44. Rb5 Kd6 45. Ra6+ Kc7 46. a5 Kc8 47. Ra7 Kd8 48. Rb8#
1-0

[Event "Fried Liver Attack"]
[Site "SchemingMind.com"]
[Date "2010.04.23"]
[Round "-"]
[White "nammy"]
[Black "Negrito19"]
[Result "0-1"]
[WhiteCountry "ENG"]
[BlackCountry "ARG"]
[WhiteElo "878"]
[WhiteRD "52"]
[BlackElo "1595"]
[BlackRD "81"]
[GameID "246136"]

1. e4 e5 2. Nf3 Nc6 3. Bc4 Nf6 4. Ng5 d5 5. exd5 Nxd5 6. Nxf7 Kxf7 7. Be2 Bc5 8. f3 Qf6 9. h4 e4 10. fxe4 Qf2#
0-1

[Event "Fried Liver Attack"]
[Site "SchemingMind.com"]
[Date "2010.04.25"]
[Round "-"]
[White "Heidi"]
[Black "Negrito19"]
[Result "0-1"]
[WhiteCountry "USA"]
[BlackCountry "ARG"]
[WhiteElo "1114"]
[WhiteRD "69"]
[BlackElo "1526"]
[BlackRD "77"]
[GameID "246137"]

1. e4 e5 2. Nf3 Nc6 3. Bc4 Nf6 4. Ng5 d5 5. exd5 Nxd5 6. Nxf7 Kxf7 7. Qh5+ g6 8. Qf3+ Kg7 9. O-O Nd4 10. Qxd5 Qxd5
11. Bxd5 c6 12. Bb3 a5 13. Bc4 Nxc2 14. b3 Nxa1 15. Bb2 b5 16. Bxe5+ Kh6 17. Bxh8 bxc4 18. bxc4 Nc2 19. f4 Bc5+ 20. Kh1 Ba6
21. Rc1 Nb4 22. d3 Nxd3 23. Rf1 Bxc4 24. Rd1 Nf2+
0-1

[Event "Fried Liver Attack"]
[Site "SchemingMind.com"]
[Date "2010.04.21"]
[Round "-"]
[White "MOIMOI"]
[Black "Negrito19"]
[Result "1-0"]
[WhiteCountry "POL"]
[BlackCountry "ARG"]
[WhiteElo "1563"]
[WhiteRD "51"]
[BlackElo "1526"]
[BlackRD "72"]
[GameID "246138"]

1. e4 e5 2. Nf3 Nc6 3. Bc4 Nf6 4. Ng5 d5 5. exd5 Nxd5 6. Nxf7 Kxf7 7. Qf3+ Ke6 8. Nc3 Nb4 9. O-O c6 10. d4 Nxc2
11. Rb1 Nxd4 12. Qg4+ Kd6 13. Ne4+ Kc7 14. Qg3 Qe7 15. Bxd5 cxd5 16. Bg5 Qe6 17. Rbc1+ Kb8 18. Nc3 Bb4 19. Qd3 Qg4 20. Nxd5 Ne2+
21. Kh1 Nxc1 22. Bxc1 Bf5 23. Qb5 Be4 24. f3 Bxf3 25. gxf3 Qd4 26. Nxb4 a6 27. Nc6+ Kc8 28. Qxe5 Qd7 29. Ne7+ Kd8 30. Bg5 Re8
31. Nd5+ Kc8 32. Rc1+ Qc6 33. Rxc6+ bxc6 34. Qc7#
1-0

[Event "Fried Liver Attack"]
[Site "SchemingMind.com"]
[Date "2010.04.25"]
[Round "-"]
[White "kifosi"]
[Black "jtrochez1"]
[Result "1-0"]
[WhiteCountry "DEN"]
[BlackCountry "HON"]
[WhiteElo "1698"]
[WhiteRD "80"]
[BlackElo "1603"]
[BlackRD "47"]
[GameID "246437"]

1. e4 e5 2. Nf3 Nc6 3. Bc4 Nf6 4. Ng5 d5 5. exd5 Nxd5 6. Nxf7 Kxf7 7. Qf3+ Qf6 8. Bxd5+ Ke7 9. Bxc6 Qxf3 10. Bxf3 c6
11. O-O g6 12. Re1 Bg7 13. d4 Rf8 14. Bg5+ Kf7 15. dxe5 h6 16. Bh4 h5 17. Nc3 Be6 18. a3 Rae8 19. Rad1 Kg8 20. Bg3 Bf5
21. Be4 Bxe4 22. Rxe4 Rd8 23. Rxd8 Rxd8 24. h3 g5 25. f3 h4 26. Bh2 Kf7 27. Kf2 Rd2+ 28. Re2 Rxe2+ 29. Nxe2 c5 30. Ke3 Ke6
31. Ke4 b5 32. b4 c4 33. Nd4+ Kd7 34. Kf5 a6 35. Kxg5 Bf8 36. Kxh4
1-0

[Event "Fried Liver Attack"]
[Site "SchemingMind.com"]
[Date "2010.04.24"]
[Round "-"]
[White "kifosi"]
[Black "XTC"]
[Result "1-0"]
[WhiteCountry "DEN"]
[BlackCountry "COL"]
[WhiteElo "1763"]
[WhiteRD "88"]
[BlackElo "1896"]
[BlackRD "58"]
[GameID "246438"]

1. e4 e5 2. Nf3 Nc6 3. Bc4 Nf6 4. Ng5 d5 5. exd5 Nxd5 6. Nxf7 Kxf7 7. Qf3+ Ke6 8. Nc3 Nb4 9. Qe4 c6 10. a3 b5
11. Bb3 Na6 12. d4 Bd6 13. Bxd5+ cxd5 14. Qxd5+
1-0

[Event "Fried Liver Attack"]
[Site "SchemingMind.com"]
[Date "2010.04.26"]
[Round "-"]
[White "kifosi"]
[Black "Negrito19"]
[Result "0-1"]
[WhiteCountry "DEN"]
[BlackCountry "ARG"]
[WhiteElo "1763"]
[WhiteRD "88"]
[BlackElo "1526"]
[BlackRD "72"]
[GameID "246439"]

1. e4 e5 2. Nf3 Nc6 3. Bc4 Nf6 4. Ng5 d5 5. exd5 Nxd5 6. Nxf7 Kxf7 7. Qf3+ Ke6 8. Nc3 Nb4 9. Qe4 c6 10. a3 b5
11. Bb3 Na6 12. d4 Qd6 13. f4 Nc7 14. fxe5 Qd8 15. O-O g6 16. Rf6+ Ke7 17. Rd6 Qe8 18. Bg5+ Kf7 19. Rf1+ Kg7 20. Bf6+ Kg8
21. Rd8 Qxd8 22. Bxd8 Bf5 23. Qf3 Rxd8 24. g4 Be6 25. Nxd5 Nxd5 26. c4 bxc4 27. Bxc4 Be7 28. h3 Kg7 29. b4 Rhf8 30. Qe2 Rxf1+
31. Qxf1= Ne3
0-1

[Event "Fried Liver Attack"]
[Site "SchemingMind.com"]
[Date "2010.04.24"]
[Round "-"]
[White "kifosi"]
[Black "Queeny"]
[Result "1-0"]
[WhiteCountry "DEN"]
[BlackCountry "ENG"]
[WhiteElo "1763"]
[WhiteRD "88"]
[BlackElo "1643"]
[BlackRD "64"]
[GameID "246440"]

1. e4 e5 2. Nf3 Nc6 3. Bc4 Nf6 4. Ng5 d5 5. exd5 Nxd5 6. Nxf7 Kxf7 7. Qf3+ Ke6 8. Nc3 Ne7 9. d4 Qd6 10. O-O exd4
11. Nxd5 Nxd5 12. Re1+ Kd7 13. Bxd5 g6 14. Qf7+ Be7 15. Bg5 Re8 16. Re6 Qxd5 17. Rxe7+ Rxe7 18. Qxd5+
1-0

[Event "Fried Liver Attack"]
[Site "SchemingMind.com"]
[Date "2010.04.29"]
[Round "-"]
[White "kifosi"]
[Black "lemmie"]
[Result "1-0"]
[WhiteCountry "DEN"]
[BlackCountry "NED"]
[WhiteElo "1763"]
[WhiteRD "88"]
[BlackElo "1619"]
[BlackRD "54"]
[GameID "246441"]

1. e4 e5 2. Nf3 Nc6 3. Bc4 Nf6 4. Ng5 d5 5. exd5 Nxd5 6. Nxf7 Kxf7 7. Qf3+ Ke6 8. Nc3 Ne7 9. d4 c6 10. Bg5 Qd6
11. O-O-O b5 12. dxe5 Qc7 13. Bxe7 Bxe7 14. Nxd5 cxd5 15. Bxd5+
1-0

[Event "Fried Liver Attack"]
[Site "SchemingMind.com"]
[Date "2010.04.27"]
[Round "-"]
[White "kifosi"]
[Black "Heidi"]
[Result "1-0"]
[WhiteCountry "DEN"]
[BlackCountry "USA"]
[WhiteElo "1763"]
[WhiteRD "88"]
[BlackElo "1132"]
[BlackRD "71"]
[GameID "246443"]

1. e4 e5 2. Nf3 Nc6 3. Bc4 Nf6 4. Ng5 d5 5. exd5 Nxd5 6. Nxf7 Kxf7 7. Qf3+ Ke7 8. Bxd5 Nd4 9. Qf7+ Kd6 10. Bb3 Be7
11. Qd5#
1-0

[Event "Fried Liver Attack"]
[Site "SchemingMind.com"]
[Date "2010.04.27"]
[Round "-"]
[White "kifosi"]
[Black "MOIMOI"]
[Result "1-0"]
[WhiteCountry "DEN"]
[BlackCountry "POL"]
[WhiteElo "1753"]
[WhiteRD "78"]
[BlackElo "1404"]
[BlackRD "51"]
[GameID "246444"]

1. e4 e5 2. Nf3 Nc6 3. Bc4 Nf6 4. Ng5 d5 5. exd5 Nxd5 6. Nxf7 Kxf7 7. Qf3+ Ke6 8. Nc3 Nb4 9. Bb3 Qf6 10. Bxd5+ Nxd5
11. Qxd5+ Ke7 12. O-O c6 13. Qb3 b5 14. Re1 Be6 15. Qb4+ Kf7 16. Qe4 Bc5 17. Re2 Bc4 18. d3 Be6 19. Qxe5 Rhe8 20. Qxc5 Bd5
21. Rxe8 Rxe8 22. Be3 Qg6 23. Nxd5 cxd5 24. Qxd5+ Re6 25. Re1 Qg4 26. Qd7+ Kg6 27. h3
1-0

[Event "Fried Liver Attack"]
[Site "SchemingMind.com"]
[Date "2010.04.25"]
[Round "-"]
[White "jtrochez1"]
[Black "kifosi"]
[Result "0-1"]
[WhiteCountry "HON"]
[BlackCountry "DEN"]
[WhiteElo "1603"]
[WhiteRD "47"]
[BlackElo "1698"]
[BlackRD "80"]
[GameID "246445"]

1. e4 e5 2. Nf3 Nc6 3. Bc4 Nf6 4. Ng5 d5 5. exd5 Nxd5 6. Nxf7 Kxf7 7. c3 Be6 8. O-O Bd6 9. d4 exd4 10. Bxd5 Bxd5
11. f4 Bc4 12. Re1 dxc3 13. bxc3 Bc5+ 14. Kh1 Qxd1 15. Rxd1 Rad8 16. Nd2 Rd3 17. Bb2 Rhd8 18. Bc1 Be3
0-1

[Event "Fried Liver Attack"]
[Site "SchemingMind.com"]
[Date "2010.04.25"]
[Round "-"]
[White "XTC"]
[Black "kifosi"]
[Result "1-0"]
[WhiteCountry "COL"]
[BlackCountry "DEN"]
[WhiteElo "1896"]
[WhiteRD "58"]
[BlackElo "1763"]
[BlackRD "88"]
[GameID "246446"]

1. e4 e5 2. Nf3 Nc6 3. Bc4 Nf6 4. Ng5 d5 5. exd5 Nxd5 6. Nxf7 Kxf7 7. Qf3+ Ke6 8. Nc3 Ne7 9. d4 Qd6 10. O-O Kd7
11. Nxd5 exd4 12. Bf4 Qc6 13. Qg4+ Kd8 14. Bxc7+ Ke8 15. Qh5+ g6 16. Qe5
1-0